[Event "67th RUS-ch Superfinal Women 2017"]
[Site "St. Petersburg"]
[Date "2017.12.09"]
[Round "6"]
[White "Pogonina, Natalija"]
[Black "Kovalevskaya, Ekaterina"]
[Result "1/2-1/2"]
[WhiteElo "2469"]
[BlackElo "2405"]
[Annotator "TA"]
[PlyCount "169"]
[EventDate "2017.??.??"]
[EventType "tourn"]
[EventCountry "RUS"]
[SourceTitle "playchess.com"]
[Source "ChessBase"]
[SourceQuality "1"]

{[%evp 22,169,20,0,0,0,22,19,25,22,35,29,41,41,35,43,49,34,29,48,109,119,102,92,90,52,54,56,135,147,130,134,134,135,137,127,224,230,297,287,352,373,398,398,398,398,398,395,379,158,230,217,250,206,188,158,131,129,135,121,131,121,125,125,121,122,135,126,137,136,128,134,145,144,141,125,137,104,134,122,185,178,202,172,258,244,247,243,244,243,231,238,332,326,332,332,332,332,332,332,292,249,332,304,328,326,326,320,233,28,15,14,23,0,0,0,0,0,0,0,0,0,0,0,0,0,0,0,0,0,0,0,0,0,0,0,0,0,0,0,0,0,0,0,0,0,0,0,0,0]} 1. d4 Nf6 2. Nf3 d5 3. c4 e6 4. g3 Bb4+ 5. Bd2 Be7 6. Bg2 O-O 7. O-O c6 8. Qc2 b6 9. Bf4 Nh5 10. Bc1 Nf6 11. Nbd2 Bb7 12. e4 c5 {[%cal Rd5e4] E06: Closed Catalan: Early deviations} (12... dxc4 13. Nxc4 Nbd7 14. Rd1 c5 15. Ng5 h6 16. e5 Bxg2 17. exf6 Nxf6 18. Kxg2 hxg5 19. dxc5 Qc7 20. cxb6 axb6 21. Qe2 Rfc8 22. b3 b5 {1-0 (94) Howell,D (2698)-Lopez Martinez,J (2607) Heraklio 2017}) 13. exd5 exd5 14. dxc5 bxc5 15. cxd5 Bxd5 16. b3 Nc6 17. Bb2 Nb4 18. Qc3 $146 ({Predecessor:} 18. Qb1 h6 19. Rd1 Qc7 20. a3 {0-1 (41) Hakulinen,E (2339)-Lampen,T (2322) Finland 2001}) 18... Ne8 19. Ne5 Bxg2 20. Kxg2 Nf6 (20... Qd5+ $14 21. f3 f6) 21. a3 $16 Qd5+ 22. Ndf3 Nc6 23. Rad1 Nd4 $1 24. b4 $36 {[%mdl 2048] White has good play.} Qb7 (24... Qe4 $1 $14) 25. bxc5 Bxc5 26. Rxd4 (26. Qxc5 $6 Nxf3 27. Nxf3 Qxb2 $11) 26... Bxd4 27. Qxd4 Rfd8 28. Qb4 Qd5 (28... Rdb8 $16 29. Qxb7 Rxb7) 29. Ng4 $18 Ne8 30. Ne3 Qe6 31. Qf4 Rab8 32. Ba1 f6 33. Nd4 Qd7 34. Nef5 Nd6 35. Kg1 (35. Re1 $18 {is the precise move to win.} Nxf5 36. Nxf5 Qd5+ 37. Kh3) 35... Nxf5 (35... Rbc8 $16 {might work better.} 36. Qg4 Kh8) 36. Nxf5 (36. Qxf5 Qxf5 37. Nxf5 Rb3 $14) 36... Rb5 37. Qc4+ Kf8 38. Nd4 Rd5 {[%cal Rd5d4]} 39. Ne2 Rd1 {intending ...Rxf1+.} 40. Bc3 Rxf1+ 41. Kxf1 Qd1+ 42. Kg2 Qd5+ 43. Qxd5 Rxd5 44. Kf3 Kf7 45. Ke4 Rd1 46. h4 a6 47. a4 Rf1 48. f3 Rf2 49. Ke3 Rf1 50. a5 g6 (50... Rh1 $16 51. Nf4 g5) 51. Nf4 Rd1 52. g4 f5 (52... Rc1 $142 53. Nd5 h6) 53. gxf5 gxf5 54. Nd3 Rh1 {[#]} 55. Be1 $1 Ke6 56. Kf4 Kd5 57. Bf2 Kc4 58. Ne5+ Kb5 59. Bb6 (59. Kxf5 Kxa5 60. Ke4 Rh2 $18) 59... Rxh4+ 60. Kxf5 Rh1 61. f4 h5 62. Nf3 h4 63. Kg4 h3 64. Kg3 Kc6 65. Nh2 $2 (65. Ng1 $18) 65... Kd5 $11 66. Ng4 ({Not} 66. Kxh3 Ke4 $18) 66... Ke6 67. Nf2 Rg1+ {The position is equal.} 68. Kh2 Rg8 69. Nd3 ({But not} 69. Nxh3 $6 Kf5 $16) 69... Rh8 70. Nc5+ Kf5 71. Nxa6 {[#] Nc7 is the strong threat.} Kg4 72. Nc5 {Black must now prevent a6.} Re8 73. Nd3 {Hoping for a6.} Re2+ 74. Nf2+ Kxf4 75. Kxh3 Ke5 76. Nd3+ Kd6 77. Kg4 Kc6 78. Kf5 Kb5 79. Nc1 Re8 80. Nb3 {Strongly threatening Nd4+.} Rb8 81. Nd4+ Ka6 82. Bc7 Rb7 83. Bd8 Rd7 84. Ne6 {Threatening mate with Nc5+.} Rxd8 85. Ke4 {Precision: White = 68%, Black = 56%.} 1/2-1/2

[Event "67th RUS-ch Superfinal Women 2017"]
[Site "St. Petersburg"]
[Date "2017.12.09"]
[Round "6"]
[White "Bodnaruk, Anastasia"]
[Black "Galliamova, Alisa"]
[Result "1-0"]
[WhiteElo "2428"]
[BlackElo "2443"]
[Annotator "TA"]
[PlyCount "145"]
[EventDate "2017.??.??"]
[EventType "tourn"]
[EventCountry "RUS"]
[SourceTitle "playchess.com"]
[Source "ChessBase"]
[SourceQuality "1"]

{[%evp 26,145,23,0,0,0,0,0,14,16,0,0,0,7,24,25,31,42,75,55,84,91,150,114,335,295,257,184,160,66,81,0,145,156,114,34,23,28,22,21,18,9,27,0,54,58,63,53,64,65,70,66,71,70,67,62,89,89,95,98,140,125,153,153,170,181,231,208,252,220,341,320,329,275,318,312,452,445,458,462,393,310,474,474,662,180,191,184,29962,29972,29970,29971,29971,429,29971,29975,29969,29971,29980,29981,29981,6107,29962,2520,1270,954,29975,29977,29977,29978,29978,29979,29979,29980,29972,29970,29942,12789,29986,29987,29992,29993]} 1. e4 e5 2. Nf3 Nc6 3. Bb5 a6 4. Ba4 Nf6 5. O-O Be7 6. Re1 b5 7. Bb3 d6 8. c3 O-O 9. h3 Re8 10. d4 Bb7 11. Nbd2 Bf8 12. a4 h6 13. d5 Nb8 14. c4 bxc4 {C92: Closed Ruy Lopez: 9...Be6, Karpov and Flohr-Zaitsev Variations} (14... c6 15. axb5 axb5 16. Rxa8 Bxa8 17. cxb5 cxd5 18. exd5 Nxd5 19. Ne4 Nf6 20. Nxf6+ Qxf6 21. Re3 e4 22. Bd2 {1-0 (30) Svidler,P (2727)-Janssen,R (2524) Germany 2009}) 15. Nxc4 c6 16. dxc6 Bxc6 {The position is equal.} 17. Bc2 {[%cal Bb3c2,Bc2d3,Bd3c4][%mdl 32]} Qc7 18. Bd2 {[#]} Bd7 $146 ({Predecessor:} 18... Nbd7 19. Na5 Nc5 20. b4 Ne6 21. Nxc6 Qxc6 22. Bd3 {½-½ (77) Tseitlin,M (2545)-Ibragimov,I (2580) Biel 1995}) 19. Rc1 Be6 ({Wrong is} 19... Qxc4 $2 20. Bb3 $18) 20. Bd3 $36 {[%mdl 2048] White is more active.} Qb7 21. Na5 Qb6 22. b4 Bd7 23. Qc2 Nh5 ({Black should play} 23... Be6) 24. Bc4 {Black must now prevent Bd5.} Nf4 $2 (24... Be6 $16 {was necessary.} 25. Bxe6 Rxe6) 25. Bxf4 exf4 26. Qd2 Ra7 {[#]} 27. Qxf4 (27. Bd5 $1 $16) 27... Bxa4 $14 28. e5 (28. Bd5 $16) 28... d5 (28... dxe5 $1 $11 {keeps the balance.} 29. Nxe5 Qf6 30. Qxf6 gxf6) 29. Bxd5 $16 Qxb4 30. Qxb4 (30. Nc4 $16 {Strongly threatening e6.} Bc6 31. Be4) 30... Bxb4 $14 31. Re4 Bxa5 32. Rxa4 Rc7 33. Bc4 Bb6 $1 34. Rb1 Ba7 (34... Nd7 $11) 35. Bxa6 Nxa6 36. Rxa6 Ree7 37. Rb2 Kh7 38. g3 Rb7 39. Re2 Bb8 40. Kg2 Ra7 41. Rxa7 Bxa7 $16 {[%mdl 4096] Endgame KRB-KRN} 42. Nd2 Rc7 43. Ne4 Rd7 44. f4 Rc7 45. Kf3 Rb7 46. Nd6 Rc7 47. Ra2 {aiming for Nb5.} Bg1 (47... Bc5 $142 48. Ke4 Bb4) 48. Ke4 $18 Bb6 49. Ra3 Bf2 50. g4 Bg1 (50... Rd7 {was called for.} 51. Ra2 Bh4) 51. Ra8 Bc5 52. Kd5 Bb4 53. Rb8 Bd2 (53... Ba3 {is a better defense.} 54. f5 Rc5+ 55. Ke4 Rc7) 54. f5 Bg5 55. e6 $2 (55. Rf8 f6 56. e6) 55... fxe6+ 56. fxe6 Rc3 $2 {[#]} (56... Ra7 $18 57. Rb7 Ra5+ 58. Kc6 Re5) 57. Ne4 Rd3+ 58. Kc4 Re3 59. Kd4 (59. Nxg5+ $142 hxg5 60. Kd5 Kg6 61. Rf8 Kh7 62. Rf5 Kg8 63. Re5 Rd3+ 64. Kc4) 59... Re1 (59... Re2 $18 60. Rb7 Kg6) 60. Nxg5+ hxg5 {KR-KR} 61. Kd5 Re3 62. Kd6 Rd3+ 63. Ke5 (63. Kc6 $142 Re3 64. Kd7 Rd3+ 65. Ke8 g6 66. Rd8 Rf3 67. e7 Kg7 68. Kd7 Rd3+ 69. Kc6) 63... Re3+ 64. Kf5 (64. Kd5 $142 Kg6 65. Rf8 Rd3+ 66. Kc6 Re3 67. Kd7 Rd3+ 68. Kc7 Re3 69. Kd7 Rd3+ 70. Ke8) 64... Re1 65. Rb4 Kh6 66. Re4 Rf1+ 67. Ke5 Kg6 68. Kd6 Rd1+ 69. Kc7 Rc1+ 70. Kd7 Rd1+ 71. Ke8 (71. Kc8 $142 Rc1+ 72. Kd8 Rd1+ 73. Ke8 Kh7 74. e7 Rd6 75. Re5 Kg8 76. Rxg5) 71... Ra1 72. e7 Rd1 73. Kf8 {Precision: White = 60%, Black = 33%.} 1-0

[Event "67th RUS-ch Superfinal Women 2017"]
[Site "St. Petersburg"]
[Date "2017.12.09"]
[Round "6"]
[White "Shuvalova, Polina"]
[Black "Nechaeva, Marina"]
[Result "1/2-1/2"]
[WhiteElo "2385"]
[BlackElo "2424"]
[Annotator "TA"]
[PlyCount "180"]
[EventDate "2017.??.??"]
[EventType "tourn"]
[EventCountry "RUS"]
[SourceTitle "playchess.com"]
[Source "ChessBase"]
[SourceQuality "1"]

{[%evp 18,180,44,37,48,44,48,28,39,32,38,25,56,36,62,31,75,79,81,75,102,89,141,135,138,138,150,125,136,102,108,97,106,98,99,108,114,102,255,35,20,12,10,6,24,13,29,0,0,5,14,0,8,0,0,0,13,0,0,0,0,7,7,0,21,0,4,0,26,0,0,0,-7,0,0,0,0,0,0,0,0,0,0,0,0,0,22,22,22,22,22,22,22,22,33,34,32,36,36,36,39,23,25,21,27,20,25,27,110,0,8,0,38,38,38,38,35,38,129,45,71,63,102,21,21,21,21,21,21,21,21,0,0,0,0,0,0,0,0,0,0,0,0,0,0,0,0,0,0,0,0,0,0,0,0,0,0,0,0,0,0,0,0,0,0]} 1. e4 c6 2. d4 d5 3. exd5 cxd5 4. Bd3 Nc6 5. c3 Qc7 6. Ne2 Bg4 7. O-O {B13: Caro-Kann (Abtausch-Variante 4.c4)} e6 8. Qe1 Bxe2 9. Qxe2 Nf6 10. Nd2 {LiveBook: 9 Partien} Be7 $146 ({Vorgänger:} 10... Bd6 11. g3 O-O 12. f4 Rae8 13. Nf3 Nd7 14. Bd2 f5 {1-0 (34) Yu,Y (2729)-Dreev,A (2652) Doha 2016}) 11. Nf3 O-O 12. Bg5 Nd7 13. Bd2 a6 14. Rfe1 Rfd8 15. g3 Rac8 16. Rad1 Na5 17. Ng5 Nf8 18. Qh5 {[%cal Rd3h7]} g6 19. Qf3 Bd6 (19... Bxg5 $142 20. Bxg5 Re8) 20. h4 $1 $16 Nc4 21. Bxc4 dxc4 22. h5 Rd7 23. Bc1 Qc6 24. Ne4 Be7 25. Nf6+ Bxf6 26. Qxf6 {Weiss will mit Lh6 Matt setzen.} e5 27. dxe5 Ne6 $2 {[#]} (27... Qxf6 $16 {ist wohl besser.} 28. exf6 Re8) 28. h6 $2 (28. Rd6 $1 $18 {[%mdl 512]} Rxd6 29. exd6 Qxd6 30. hxg6 hxg6 31. Bh6) 28... Rd3 $14 29. Be3 Rcd8 30. Rb1 R8d7 31. Qh4 Qd5 32. a4 {[%cal Ba2a4,Ba4a5][%mdl 32]} Qc6 33. Ra1 Qd5 34. a5 Kf8 35. Ra4 Rd1 36. Ra1 Rxe1+ 37. Rxe1 Qxe5 38. Qxc4 Qxa5 39. Qh4 {Und weiter mit Df6 wäre nett.} Qf5 40. Qa4 Qd5 41. Qb4+ Kg8 42. Qh4 Qf3 43. Bd4 Kf8 44. Qf6 (44. Bb6 {seems wilder.} Qc6 45. Bd4 Qf3) 44... Qxf6 45. Bxf6 $11 {[%mdl 4096] Endspiel KTL-KTS} Rd5 46. g4 Ke8 47. b4 Kd7 48. Re4 Rd3 49. Kg2 g5 50. f3 Rd2+ 51. Kg3 Rd1 52. Re5 Rh1 53. Bg7 Rc1 54. Rf5 Ke8 55. Kf2 Ke7 56. Kg2 Rc2+ 57. Kg3 Ke8 58. Bf6 Rc1 59. Rd5 Rh1 60. Rd6 Rxh6 {[#]} 61. Bxg5 $1 {[%mdl 512]} Rg6 $1 (61... Nxg5 62. Rxh6) 62. Bh4 h5 {[#]} (62... f5 $1 $11) 63. Rb6 ({Lieber} 63. Rd5 $1 $16) 63... hxg4 64. fxg4 Ng7 (64... Kd7 {looks sharper.} 65. c4 Nd8 66. Bf6 Kc8 67. g5 Ne6) 65. Rxg6 fxg6 $14 {KL-KS} 66. Kf4 Kf7 67. Ke5 {c4 ist eine echte Drohung.} Ne6 {[#]} (67... b5 $1 $14) 68. Kd6 (68. c4 $1 $16) 68... b5 69. Kc6 {Und Kb7 würde nun gewinnen.} Ke8 $1 70. Bg3 (70. Be1 $16) 70... Ng5 $11 {Die Stellung ist ausgeglichen.} 71. Kb6 Ne4 72. Be5 Kd7 73. Kxa6 Kc6 $1 74. Ka7 Kd5 75. Bd4 Kc4 76. Kb6 Ng3 77. g5 Ne4 78. Bf6 $1 Nd2 79. Kc7 Ne4 80. Kc6 Nd2 81. Kd6 Ne4+ $1 82. Ke6 Nxc3 83. Be7 {Mit der Idee Kf7.} Nd5 84. Bf8 Nxb4 85. Kf6 Nd5+ 86. Kxg6 {Schwarz muss nun Kf7 beachten.} b4 87. Kf5 b3 {( -> ...b2)} 88. Ba3 Ne7+ 89. Kf6 Nd5+ $1 90. Kf5 Ne7+ {Precision: Weiß = 64%, Schwarz = 63%.} 1/2-1/2

[Event "67th RUS-ch Superfinal Women 2017"]
[Site "St. Petersburg"]
[Date "2017.12.09"]
[Round "6"]
[White "Ovod, Evgenija"]
[Black "Kashlinskaya, Alina"]
[Result "1/2-1/2"]
[WhiteElo "2364"]
[BlackElo "2452"]
[Annotator "TA"]
[PlyCount "78"]
[EventDate "2017.??.??"]
[EventType "tourn"]
[EventCountry "RUS"]
[SourceTitle "playchess.com"]
[Source "ChessBase"]
[SourceQuality "1"]

{[%evp 14,78,0,0,0,-7,0,0,0,0,0,0,0,0,0,0,2,7,8,0,8,0,0,0,0,-12,0,0,0,0,0,0,0,-9,-8,-8,0,0,0,0,0,-7,0,0,0,0,0,0,0,0,0,0,0,0,0,0,0,0,0,0,0,0,0,0,0,0,0]} 1. d4 Nf6 2. Nf3 d5 3. c4 e6 4. Nc3 Bb4 5. e3 O-O 6. Bd3 b6 7. a3 Bxc3+ 8. bxc3 {[%cal Bb2c3,Bc3c4][%mdl 32] The position is equal.} Ba6 {E52: Nimzo-Indian: Rubinstein: 4...0-0 5 Nf3 d5 6 Bd3 b6} 9. cxd5 {Black must now prevent Bxa6.} exd5 10. Bxa6 Nxa6 {[%cal Bb8a6,Ba6c5,Bc5e4][%mdl 32]} 11. Qd3 Qc8 12. c4 c5 {Black wants to play ...cxd4.} 13. cxd5 cxd4 14. Nxd4 Nc5 {[#]} 15. Qc4 $146 {Black should prevent f3.} Qd7 16. O-O Qxd5 17. Qxd5 Nxd5 18. a4 a5 19. Bd2 Ne4 20. Rfd1 Ndc3 21. Bxc3 Nxc3 22. Rd2 Rac8 23. Ne2 (23. Rc2 {is more complex.} Rc5 24. Nb3 Rc7 25. Rac1 Rfc8 26. Kf1) 23... Nxe2+ 24. Rxe2 $11 {[%mdl 4096] Endgame KRR-KRR} Rc4 25. Rb2 Rd8 26. g3 Rd6 27. h4 h5 28. Ra3 Kf8 29. Rab3 Rcc6 30. Rb5 g6 31. Re5 Re6 32. Rxe6 Rxe6 {KR-KR} 33. Kf1 Ke7 34. Ke2 Re4 35. Rxb6 Rxa4 36. Rb7+ Ke6 37. Rb6+ Ke7 38. Rb7+ Ke6 39. Rb6+ Ke5 {Precision: White = 85%, Black = 79%.} 1/2-1/2

[Event "67th RUS-ch Superfinal Women 2017"]
[Site "St. Petersburg"]
[Date "2017.12.10"]
[Round "7"]
[White "Gunina, Valentina"]
[Black "Bodnaruk, Anastasia"]
[Result "1-0"]
[WhiteElo "2510"]
[BlackElo "2428"]
[Annotator "TA"]
[PlyCount "73"]
[EventDate "2017.??.??"]
[EventType "tourn"]
[EventCountry "RUS"]
[SourceTitle "playchess.com"]
[Source "ChessBase"]
[SourceQuality "1"]

{[%evp 20,73,21,19,23,14,27,14,13,14,17,17,86,69,79,81,89,78,114,100,104,78,110,106,118,114,110,114,107,116,98,100,120,113,105,62,293,294,269,148,474,453,685,685,627,647,596,494,924,930,29989,29990,29990,29991,29991,29991]} 1. d4 Nf6 2. c4 e6 3. Nf3 b6 4. g3 Bb4+ 5. Bd2 Bxd2+ 6. Qxd2 Ba6 7. b3 O-O 8. Bg2 d5 9. O-O c6 10. Rc1 {E15: Queen's Indian: 4 g3 sidelines, 4 g3 Ba6 and 4 g3 Bb7 early deviations} Nbd7 11. a4 {[%cal Ba2a4,Ba4a5,Ba5a6][%mdl 32] LiveBook: 26 Games} Bb7 $146 ({Predecessor:} 11... Rc8 12. Na3 Bb7 13. b4 c5 14. cxd5 Bxd5 15. dxc5 bxc5 16. b5 c4 17. Qb4 Bxf3 18. Bxf3 {1-0 (46) Inarkiev,E (2732)-Hou,Y (2658) Petropavlovsk Kamchatsky 2016}) 12. a5 {White has an edge.} c5 13. a6 Bc6 14. cxd5 Bxd5 15. Nc3 Ne4 (15... Qe7 $11 {remains equal.}) 16. Nxe4 $16 Bxe4 17. Qf4 $1 {[%cal Rf4e4]} Bd5 18. e4 $1 {[%cal Re4d5]} Bxb3 19. Qe3 $1 {[%cal Re3b3]} c4 20. e5 $1 ({Much weaker is} 20. Nd2 $6 Rc8 $11) 20... Rc8 21. Nd2 Nb8 22. Bb7 $36 {[%mdl 2048] Black is under strong pressure.} ({Much worse is} 22. Nxb3 $6 cxb3 23. Rxc8 b2 $11) 22... Rc7 23. Nxb3 cxb3 24. Rxc7 Qxc7 25. Qxb3 Rd8 26. Qe3 Qc4 27. d5 Nd7 $2 {[#]} (27... Qb5 $14) 28. Rc1 $1 $18 {[%cal Rc1c4]} Qg4 29. d6 (29. Rc7 $18) 29... f6 $2 {[%mdl 8192] [#]} (29... Qh5 $16 {is more resistant.}) 30. exf6 $1 gxf6 (30... Nc5 $142 31. f7+ Kf8) 31. Bf3 Qf5 {Black hopes to continue with ...Nc5.} 32. Rc7 Qe5 33. Qd2 Qa1+ (33... Qf5 $142 34. Qe3 Qe5 35. Rxa7 Qxd6) 34. Kg2 Ne5 35. Qh6 {[%csl Gc7][%cal Rh6g7] White mates.} Nd7 36. Be4 f5 37. Qg5+ {Precision: White = 76%, Black = 34%.} 1-0

[Event "67th RUS-ch Superfinal Women 2017"]
[Site "St. Petersburg"]
[Date "2017.12.10"]
[Round "7"]
[White "Kashlinskaya, Alina"]
[Black "Shuvalova, Polina"]
[Result "1/2-1/2"]
[WhiteElo "2452"]
[BlackElo "2385"]
[Annotator "TA"]
[PlyCount "152"]
[EventDate "2017.??.??"]
[EventType "tourn"]
[EventCountry "RUS"]
[SourceTitle "playchess.com"]
[Source "ChessBase"]
[SourceQuality "1"]

{[%evp 19,152,11,14,0,12,0,0,0,0,0,27,14,22,18,26,13,14,17,19,0,0,0,36,0,0,0,0,0,0,0,0,0,0,-47,-34,-209,-212,-197,-191,-243,-136,-141,0,0,0,0,0,-24,-18,-23,-20,-88,-92,-85,-92,-85,-77,-413,-406,-379,-147,-137,-126,-123,-115,-116,-74,-74,-74,-74,-74,-74,-74,-74,-74,-74,-74,-74,-74,-74,-48,-74,-74,-74,-48,-48,-48,-74,-74,-74,-74,-74,-74,-74,-74,-74,-48,-48,-48,-48,0,-47,0,-48,-48,-48,-48,-48,0,-55,0,-5,0,0,0,0,0,0,0,0,0,0,0,0,0,0,0,0,0,0,0,0,0,0,0]} 1. d4 Nf6 2. c4 e6 3. Nf3 b6 4. a3 Bb7 5. Nc3 d5 6. cxd5 Nxd5 7. Qc2 Nxc3 8. bxc3 Nd7 9. e4 c5 10. Bd3 Qc7 11. Qb2 {E12: Queen's Indian: Unusual White 4th moves, 4 a3, 4 Nc3 Bb7 5 a3 and 4 Nc3 Bb7} (11. Bb2 cxd4 12. cxd4 Qxc2 13. Bxc2 Rc8 14. Bd3 Bd6 15. Ke2 Ke7 16. a4 Bb4 17. Rhb1 Rhd8 18. Bc1 a5 19. Bg5+ f6 20. Bd2 Bxd2 21. Nxd2 Rc3 22. Rc1 {½-½ (22) Mamedyarov,S (2800)-Eljanov,P (2739) Geneve 2017}) 11... Be7 12. O-O O-O 13. a4 Rfd8 14. Qe2 cxd4 $146 ({Predecessor:} 14... Nb8 15. Re1 cxd4 16. cxd4 Nc6 17. Bb2 Rac8 18. Rac1 Qd6 19. Bc4 Na5 20. Ba6 Bxa6 21. Qxa6 Qb8 22. g3 Qb7 23. Qxb7 Nxb7 24. Red1 Na5 25. Rxc8 {½-½ (25) Raessler,A (2331)-Schuller,J (2379) ICCF email 2013}) 15. cxd4 Rac8 16. Bd2 a5 17. Rab1 h6 18. h3 Qc6 19. Bf4 Qxa4 20. Ra1 Qb3 21. Rfb1 {[%mdl 1024] White has compensation.} Qc3 22. Rc1 Qb4 23. Rcb1 Qc3 24. Rc1 Qb4 25. Bc7 Rf8 26. Rab1 Qa3 {And now ...Bd6 would win.} 27. Nd2 $2 {[#]} (27. Qd1 $15) 27... Nc5 $1 $19 {[%cal Rc5d3][%mdl 512]} 28. dxc5 Rxc7 29. Bb5 (29. Rc2 $142) 29... Bg5 ({Not} 29... Rxc5 30. Nc4 $15) (29... Bxc5 $19 30. Kh1 Rd8) 30. c6 $17 {[#]} Ba8 ({Black should play} 30... Bxc6 $1 $17 {[%mdl 512]} 31. Rxc6 (31. Bxc6 Qa2) 31... Rxc6 32. Bxc6 Qd6 33. Rxb6 Bxd2) 31. Rc2 $11 Rfc8 {[%cal Ra8c6,Bf8c8,Bc8c7,Bc7b7][%mdl 32]} 32. Nc4 $1 {[%cal Rc4a3]} Qc5 $36 {[%mdl 2048] White is under pressure.} 33. Nxa5 Qf8 34. Nc4 Bxc6 35. Nxb6 (35. Bxc6 $11 Rxc6 36. Rxb6) 35... Bxb5 $17 36. Rxc7 Rxc7 ({But not} 36... Bxe2 $6 37. Rxc8 Bd8 38. Nd7 $14) 37. Qxb5 Qb8 {Hoping for ...Rb7.} 38. Ra1 $2 {[%mdl 8192]} (38. g3 $17 {is tougher.}) 38... Rb7 $19 39. Ra6 Kh7 $2 (39... Qc7 $19 {is more deadly. ...Bd8 is the strong threat.} 40. g3 Bd8) 40. e5 $17 g6 {aiming for ...Bd8.} 41. Qc6 Bf4 42. g3 Bxe5 43. Nd7 Qc7 44. Qxc7 Bxc7 {[%mdl 4096] Endgame KRB-KRN} 45. Nf6+ Kg7 46. Ne8+ Kf8 47. Nxc7 Rxc7 {KR-KR} 48. h4 Ke7 49. Kg2 Kf6 50. Kf3 Rc3+ 51. Kg2 Kf5 52. Ra7 f6 53. Rh7 h5 54. Ra7 Rc5 55. Ra6 e5 56. Rb6 Rd5 57. Ra6 e4 58. Rb6 Rd2 59. Rb5+ Kg4 60. Rb4 Kf5 (60... Re2 {seems wilder.} 61. Rb6 Kf5 62. Rb5+ Ke6 63. Rb6+ Kf7) 61. Rb5+ Ke6 62. Kf1 Rd5 63. Rb6+ Kf5 64. Kg2 g5 65. hxg5 {The position is equal.} Kxg5 66. Rb8 Rd2 67. Re8 Kf5 68. Re7 Rd8 69. Rh7 Kg6 70. Re7 f5 71. Re6+ Kg5 72. f4+ exf3+ $1 73. Kxf3 Rd3+ 74. Kg2 h4 75. gxh4+ Kg4 76. Rg6+ Kf4 {Precision: White = 63%, Black = 43%.} 1/2-1/2

[Event "67th RUS-ch Superfinal Women 2017"]
[Site "St. Petersburg"]
[Date "2017.12.10"]
[Round "7"]
[White "Galliamova, Alisa"]
[Black "Pogonina, Natalija"]
[Result "0-1"]
[WhiteElo "2443"]
[BlackElo "2469"]
[Annotator "TA"]
[PlyCount "110"]
[EventDate "2017.??.??"]
[EventType "tourn"]
[EventCountry "RUS"]
[SourceTitle "playchess.com"]
[Source "ChessBase"]
[SourceQuality "1"]

{[%evp 17,110,0,10,22,4,13,12,0,0,0,14,0,5,5,1,0,0,0,0,0,0,-15,-6,-10,-33,-29,-6,-12,-6,-19,0,0,0,-37,-4,-12,0,-89,-91,-94,-35,-35,-38,-137,-138,-137,-125,-152,-150,-133,-114,-157,-157,-157,-157,-157,-157,-177,-157,-157,-157,-157,-156,-156,-156,-156,-156,-610,-574,-1927,-2171,-992,-157,-157,-157,-157,-157,-157,-157,-157,-171,-11153,-5106,-29978,-29979,-29979,-29980,-29979,-29981,-29981,-29982,-29983,-29984,-29984,-29985]} 1. Nf3 d5 2. g3 Bg4 3. Bg2 c6 4. O-O Nf6 5. c4 e6 6. d3 Nbd7 7. cxd5 exd5 8. Nc3 Bc5 9. Qb3 Qc8 {LiveBook: 16 Partien. A11: Reti-Eröffnung} 10. e4 dxe4 11. dxe4 O-O {Die Stellung ist ausgeglichen.} 12. Bf4 Re8 13. Qc2 {[#]} (13. Ng5 h6 $17) 13... b5 $146 ({Vorgänger:} 13... Nf8 14. Na4 Be7 15. Rae1 N6d7 16. h3 Bh5 17. Nd4 {½-½ (25) Bruzon Batista,L (2603)-Fressinet,L (2636) Wijk aan Zee 2004}) 14. Rfe1 Bxf3 15. Bxf3 {Schwarz muss nun e5 beachten.} Ne5 16. Bg2 Bb6 17. a4 a6 18. Be3 Qc7 19. h3 Rad8 20. Bxb6 Qxb6 21. Rad1 Qc5 {Und ...b4 würde nun gewinnen.} 22. Rxd8 Rxd8 23. Rd1 Rxd1+ (23... Rd7 {with more complications.} 24. Qc1 Qc4 25. Bf1 Qb4 26. axb5 axb5 27. f4 Nc4) 24. Qxd1 h6 25. Qe2 Qd4 26. axb5 axb5 {[%cal Ba6b5,Bb5b4][%mdl 32]} 27. Kh2 (27. Qd1 $11 Qa7 28. Qd6 Qa1+ 29. Kh2 Nfg4+ 30. hxg4 Nxg4+ 31. Kh3 Nxf2+ 32. Kh2 (32. Kh4 $2 Qg1 $19)) 27... b4 28. Nd1 g5 (28... h5 $1 $17) 29. Ne3 $15 Kh7 30. f3 ({Besser ist} 30. b3 $15) 30... c5 $17 31. Bf1 {[#]} c4 $1 {[%mdl 512]} 32. Nxc4 Nxc4 33. Qxc4 Qxb2+ 34. Bg2 Kg7 35. e5 Nd7 $1 {[%cal Rd7e5]} ({Viel schwächer wäre} 35... Qxe5 $6 36. Qxb4 Qe3 37. h4 $11) 36. f4 {[#]} gxf4 $1 37. gxf4 Nf8 38. Kg3 {[#]} Qc3+ $1 39. Qxc3 bxc3 {[%mdl 4096] Endspiel KL-KS} 40. Be4 Ne6 41. Kf2 Nxf4 42. Ke3 Nxh3 43. Bd5 {[#]} Nf4 $1 {[%mdl 512]} 44. Bb3 (44. Kxf4 c2) 44... Ng6 $2 (44... Ne6 $19 {zielt auf ...h5 ab.} 45. Bd1 Kg6) 45. e6 f5 46. Kd3 Kf6 {Droht ...Sf4+ und aus.} 47. Kxc3 Nf4 48. Kd2 Nxe6 49. Bd5 $2 (49. Bc4) 49... Ke5 $19 50. Bb7 Kf4 {Schwarz setzt Matt.} 51. Ke2 Kg3 52. Bc8 Ng7 53. Kf1 h5 {[%cal Bh6h5,Bh5h4][%mdl 32]} 54. Kg1 h4 55. Bb7 f4 {Precision: Weiß = 55%, Schwarz = 72%.} 0-1